Cine III: verdad y tiempo. Potencias de lo falso

Saved in:
Bibliografiske detaljer
Hovedforfatter: Deleuze, Gilles (Author)
Format: Bog
Sprog:spansk
Udgivet: Buenos Aires Cactus 2018
Udgivelse:1a. ed
Serier:Clases, 17
Fag:
Tags: Tilføj Tag
Ingen Tags, Vær først til at tagge denne postø!

MARC

LEADER 00000cam a2200000 a 4500
001 UCC7278
003 CL-VaPUC
008 190322e20180000ag |||||||||||||||||spa|d
020 |a 9789873831300 
082 0 4 |a 791.4305  |b DEL  |2 21 
100 |a Deleuze, Gilles  |e author  |9 487836 
245 1 0 |a Cine III: verdad y tiempo. Potencias de lo falso 
250 |a 1a. ed 
300 |a 832 p 
942 |c BK 
945 |d 20190322 14:57:00  |a dcastane 
260 |a Buenos Aires  |b Cactus  |c 2018 
650 0 |a Cinematografía  |9 265198 
650 0 |a Crítica e interpretación   |9 255042 
583 |a last modification  |c 20190322 14:57:00  |k Rodrigo Vera 
490 0 |a Clases, 17 
999 |c 373963  |d 373961 
952 |0 0  |1 0  |3 erb  |4 0  |6 791_430500000000000_DEL_2018  |7 0  |8 A  |9 492299  |a BIBART  |b BIBART  |i 5537150  |o 791.4305 DEL 2018  |p 5537150  |r 2025-03-13  |w 2019-11-24  |y BK  |z Catalogado en:20190322  |k ART